000
00308nam a2200133Ia 4500
008
220204s9999 xx 000 0 und d
082
_a
633.61
_b
BAR
100
_a
BARNES, A C
245
0
_a
Sugar cane
250
_a
2
260
_a
Bucks
_b
Leonard hill
_c
1974
650
_a
Sugarcane cultivation
942
_c
BK
999
_c
27673
_d
27673